Mates /

Bibliographic Details
Main Author: Wakefield, Tom (Author)
Format: Book
Language:English
Published: London : Gay Men's Press, 1983.
Subjects:

MARC

Tag First Indicator Second Indicator Subfields
LEADER 00000cam a2200000 a 4500
001 in00000546921
005 20181109103452.0
008 841207s1983 enk 000 f eng
035 |a (OCoLC)ocm11463600 
035 |a (OCoLC)11463600 
035 |9 ACJ7855AM 
040 |a UKM  |b eng  |c UKM  |d GFK  |d OCL  |d YDXCP  |d SYB  |d OCLCF  |d NLE  |d OCLCQ  |d OCLCO  |d INT  |d OCLCQ  |d TXA 
015 |a GB8336199  |2 bnb 
019 |a 877060302 
020 |a 0907040284  |q (cased) 
020 |a 9780907040286  |q (cased) 
020 |a 0907040241  |q (pbk.) 
020 |a 9780907040248  |q (pbk.) 
035 |a (OCoLC)11463600  |z (OCoLC)877060302 
050 1 4 |a PR6073.A374  |b M37 1983 
082 0 4 |a 823/.914  |2 19 
049 |a TXAM 
090 |a PR6073.A374  |b M3 1983 
100 1 |a Wakefield, Tom,  |e author. 
245 1 0 |a Mates /  |c Tom Wakefield. 
264 1 |a London :  |b Gay Men's Press,  |c 1983. 
300 |a 141 pages ;  |c 22 cm 
336 |a text  |b txt  |2 rdacontent 
337 |a unmediated  |b n  |2 rdamedia 
338 |a volume  |b nc  |2 rdacarrier 
500 |a The Cushing Library/Women & Gender Studies copy was acquired as part of The Don Kelly Research Collection of Gay Literature and Culture.  |5 TXA 
500 |a The Cushing Library/Women & Gender Studies copy is signed by the author.  |5 TXA 
650 0 |a Gay men  |x Social life and customs  |v Fiction. 
650 7 |a Domestic fiction.  |2 fast  |0 (OCoLC)fst00896624 
650 7 |a Gay men  |x Social life and customs.  |2 fast  |0 (OCoLC)fst00939152 
653 |a Fiction in English, 1945- - Texts 
655 7 |a Domestic fiction.  |2 lcgft 
655 7 |a Fiction.  |2 fast  |0 (OCoLC)fst01423787 
655 7 |a Historical fiction.  |2 gsafd 
655 7 |a Gay fiction.  |2 lcgft 
994 |a C0  |b TXA 
948 |a updated  |b h  |c 2018/11/9  |d c  |e nbehmer  |f 10:34:02 am 
999 f f |s 31bbc8ea-96b0-3379-ac58-79656335b777  |i 6f9a361f-771f-3570-b331-26e43c490f41  |t 0 
952 f f |p noncirc  |a Texas A&M University  |b College Station  |c Cushing Memorial Library & Archives  |d Cushing: Women & Gender Studies (Does not check out)  |t 0  |e PR6073.A374 M3 1983  |h Library of Congress classification  |i unmediated -- volume 
952 f f |p ric  |a Texas A&M University  |b Rellis Campus  |c Joint Library Facility  |d Remote Storage  |t 0  |e PR6073.A374 M3 1983  |h Library of Congress classification  |i unmediated -- volume  |m A14808313739 
998 f f |a PR6073.A374 M3 1983  |t 0  |l Cushing: Women & Gender Studies (Does not check out) 
998 f f |a PR6073.A374 M3 1983  |t 0  |l Remote Storage